International journal of innovative research in technology, basic & applied sciences (Record no. 38322)

MARC details
000 -LEADER
fixed length control field 00849nam a2200169Ia 4500
022 ## - INTERNATIONAL STANDARD SERIAL NUMBER
ISSN 24678171
050 ## - CALL MARK
Classification number R 857.O6 .I58/
245 #0 - TITLE STATEMENT
Title International journal of innovative research in technology, basic & applied sciences
260 ## - PUBLICATION, DISTRIBUTION, ETC. (IMPRINT)
Place of publication United kingdom
260 ## - PUBLICATION, DISTRIBUTION, ETC. (IMPRINT)
Name of publisher International scientific research constium
260 ## - PUBLICATION, DISTRIBUTION, ETC. (IMPRINT)
Year of publication 2016
300 ## - PHYSICAL DESCRIPTION
Number of Pages 82 p. :ill. ; 28 cm.
650 ## - SUBJECT ADDED ENTRY--TOPICAL TERM
Topical Term Imaging systems in medicine--Congresses. Imaging systems in biology--Congresses. Optical tomography--Congresses. Biosensors--Congresses. Diagnostic imaging--Congresses. Lasers in biology--Congresses. Lasers in medicine--Congresses. Diagnostic Imaging--methods--Congresses. Biosensing Techniques--Congresses. Laser Therapy--Congresses. Optics and Photonics--Congresses.
942 ## - ADDED ENTRY ELEMENTS (KOHA)
Koha item type Serials

No items available.